00662 2200193 4500001002100000005001700021008004100038035002500079040001200104082001800116084002800134100005000162245009300212260005500305300003700360650003700397850001200434990002200446INLIS00000000002070520160603093554.0  a0010-061600000000116 aYOPDYOG a331.295982315 aDEP 331.295982315 Bad I aBADAN PERENCANAAN PEMBANGUNAN DAERAH [Sleman] aIndeks Pembangunan Manusia Kabupaten Sleman 2014c/ Badan Perencanaan Pembangunan Daerah aSlemanbBadan Perencanaan Pembangunan Daerahc2014 aiv, 95 lembar.b: ilus.c; 25 cm aSumberdaya Manusia-Indeks-Sleman aYOPDYOG aCB-D.11/2014-2131